00230 a2200109 4500001000700000020000600007040001100013100002600024240003300050245002800083362000900111170266 a  cMagnum aLinardi, Pedro Marcos10aFabulas parasitologicaslpor10aFabulas parasitologicas0 a1899